000 01087nam a22003017a 4500
003 URS
005 20260223164110.0
008 260218t2025 ph ||||| |||| 001 0 eng d
020 _a9786210801217
040 _aDLC
_beng
_cDLC
_dDLC
_dURS
_erda
082 _a796.3
_bP5691 2025
100 _aDomingo, John Paul R.,
_eauthors.
245 _aPathfit 4 physical activities toward health and fitness :
_bteam sports: basketball and volleyball /
_cJohn Paul R. Domingo, ...[anf four others].
264 _aMalabon, City:
_bMutya Publishing House, Inc.,
_c[2025]
300 _a103 pages;
_bIllustration
_c25 cm.
336 _2rdacontent
_atext
_btxt
337 _2rdamedia
_aunmediated
_bn
338 _2rdacarrier
_avolume
_bnc
504 _aIncludes bibliographical references (page 99), and indexes.
650 _aTeam sports.
650 _aBasketball.
650 _aVolleyball.
700 _aDel Rosario, Jhomel E.,
_eauthors.
700 _aDel Rosario, Leo S.,
_eauthors.
700 _aVelasco, Venus S.,
_eauthors.
700 _aAmil, Centhony L.,
_eauthors.
942 _2ddc
_cF
999 _c98753
_d98750